The Great Ouse; the history of a river navigation.

Saved in:
Bibliographic Details
Main Author: Summers, Dorothy
Format: Book
Language:English
Published: Newton Abbot, David & Charles [1973]
Series:Inland waterways histories
Subjects:
LEADER 01106nam a2200301 4500
001 c000060922
003 CARM
005 00000000000000.0
008 731009s1973 enka b 00100 eng
015 |a GB*** 
019 1 |a 399942  |5 LACONCORD2021 
020 |a 0715359711 
035 |a (OCoLC)726099  |5 LACONCORD2021 
043 |a e-uk-en 
050 0 0 |a HE664.5.G73  |b S9 1973 
100 1 |a Summers, Dorothy. 
245 1 4 |a The Great Ouse;  |b the history of a river navigation. 
260 |a Newton Abbot,  |b David & Charles  |c [1973] 
300 |a 247 p.  |b illus.  |c 22 cm. 
490 0 |a Inland waterways histories 
500 |a Based on author's thesis (M.A.), London University. 
504 |a Includes bibliographical references and index. 
650 0 |a Shipping  |z England  |z Great Ouse, River. 
651 0 |a Great Ouse River (England)  |x Navigation. 
852 8 |b CARM  |h A2:AF38B0  |i B01423  |p 0067725  |f BK 
082 0 4 |a 386/.3/0942 
999 f f |i 03d9aed2-fdb2-55ba-87fe-012567fa0cab  |s 12ddf5e5-63b1-5c4a-9abc-ff9d07ccd8d1 
952 f f |p Can circulate  |a CAVAL  |b CAVAL  |c CAVAL  |d CARM 1 Store  |e B01423  |f A2:AF38B0  |h Other scheme  |i book  |m 0067725